00740nam a2200181 a 450000100100000000500170001000800410002702000150006804000250008310000330010824501640014126000270030530000210033250400320035350400730038570000380045871000620049600004154920201002035632.0131009s1988 sp 000 0 spa d a8400067320 aDO-SdBNPbspacBNPHU1 aIbn Wassah, Muhammad b. Bazi10aKitâb Al-Bida' :btratado contra las innovaciones /cMuhammad b. Waddah al-Qurtubi ; nueva edición, traducción, estudio e índices por M. Isabel Fierro. aMadrid :bCSIC,c1988. a411 p. ;c22 cm. aBibliografía : p. 408-411 aIncluye referencias bibliográficas y notas al pie de las páginas1 aFierro Bello, María Isabeletr.2 aInstituto de Filología, Departamento de Estudios Arabes